Statistics for Warframe - warframes

Click here to take the quiz!

General Stats

  • This quiz has been taken 12 times
  • The average score is 42 of 56

Answer Stats

HintAnswer% Correct
SamuraiExcalibur
100%
IceFrost
100%
SandInaros
100%
ElectricityVolt
100%
Monkey kingWukong
100%
NinjaAsh
90%
DragonChroma
90%
FireEmber
90%
Bow hunterIvara
90%
Doppelganger, pranksterMirage
90%
Necromancy, fearNekros
90%
Firemonger, big ringNezha
90%
InfestationNidus
90%
Nature, supportOberon
90%
FairyTitania
90%
HealerTrinity
90%
Earth, fistsAtlas
80%
Sound, sonicBanshee
80%
Day and nightEquinox
80%
SpeedGauss
80%
Devourer, bigGrendel
80%
Beast, whip and clawKhora
80%
Elemental, alchemistLavos
80%
Controls rift at willLimbo
80%
TricksterLoki
80%
MagneticMag
80%
GunslingerMesa
80%
PsychicNyx
80%
MusicOctavia
80%
Time, tactical, engineerProtea
80%
Cancer, poisonSaryn
80%
BerserkerValkyr
80%
WindZephyr
80%
Blood, deathGaruda
70%
ShieldsHildryn
70%
WaterHydroid
70%
Antimatter, particlesNova
70%
Essence of eidolonRevenant
70%
Beast, wolf and fangsVoruna
70%
Hollow rider, soulDagath
60%
Arcane, history, knowledgeDante
60%
Glass, ValkyrieGara
60%
Monastic, ritualistHarrow
60%
Daggers, sinsKullervo
60%
TankRhino
60%
Reaper, specterSevagoth
60%
Dimensions, float, cakeWisp
60%
Reluctant warriorBaruuk
50%
Biological, sentientCaliban
50%
CrystalCitrine
50%
Brutalist golemQorvex
50%
Spear, spartanStyanax
50%
Inventions, engineerVauban
50%
Void, brokenXaku
50%
BubblesYareli
50%
Dancer, transmittersGyre
30%

Score Distribution

Percentile by Number Answered

Percent of People with Each Score

Your Score History

You have not taken this quiz